000 00542nam a2200217Ia 4500
005 20250425162606.0
008 250425s9999 xx 000 0 und d
020 _a9780131392052
041 _aeng
082 _a004.6
100 _aSTALLINGS, WILLIAM
245 0 _aDATA AND COMPUTER COMMUNICATIONS
250 _a9TH ED.
260 _aBOSTON
260 _aEstados Unidos
_bPRENTICE HALL
_c2011
300 _a853
650 _aREDES DE COMPUTADORAS
650 _aSISTEMAS DE TRANSMISION DE DATOS
942 _c01
010 _a87995
999 _c232417
_d232417